LEADER 01389nam a2200313 u 4500 001 000000017379 003 CaOOAMICUS 005 20150219160039.0 008 940517s1971 it u000 u ita u 035 $a10406612 040 $aPUL(R)$bita 100 1 $aJemolo, Arturo Carlo,$d1891-1981.$0(OLS)http://pul/name/3660 245 10$aChiesa e Stato in Italia negli ultimi cento anni /$cArturo Carlo Jemolo. 250 $a4. rist. della nuova ed. aggiornata. 260 $aTorino :$bGiulio Einaudi,$c1971. 300 $a576 p.$c22 cm 490 1 $aBiblioteca di cultura storica (Einaudi) ;$v32 500 $aComprende indici. 650 4$aChiesa e stato$zItalia$ySec. XIX-XX.$0(OLS)http://pul/subject/5182 830 0$aBiblioteca di cultura storica (Einaudi) ;$v32.$0(OLS)http://pul/title/1254 850 $aPUL 852 $aPUL$W1$xCollocazioni Temporanee$y24$mGP2 A VI.43$j24463$nBK-PRI$b $qStampati$B24463$CPULBib$Z2$F24463 $H $81 852 $aPUL$W1$xDP1 Fondo Capitani$y116$m10 C 84$j163785$qFondi$B163819$CPULBib$Z2$F163819 $HCap1242 $82 941 1 $a8 941 1 $a1 961 $aINV: 0299 961 $aNota ms. di possesso : Capitani 996 $6245$aChiesa e Stato in Italia negli ultimi cento anni$9(OLS)http://pul/title/24885 996 $6260$aTorino :$bGiulio Einaudi$9(OLS)http://pul/publisher/54573 LEADER 01632nam a2200301 u 4500 001 000000115447 003 CaOOAMICUS 005 20090428150850.0 008 090428s2008 it u000 u ita r 020 $z978-88-13-28865-5* 040 $aPUL$bita$dLDB 100 1 $aUbertazzi, Luigi Carlo.$0(OLS)http://pul/name/32796 245 10$aCommentario breve alle leggi su proprietà intellettuale e concorrenza :$bappendice di aggiornamento dedicata specialmente alla comunicazione commerciale /$cLuigi Carlo Ubertazzi ; con la collaborazione di: Alberto Alessandri ... [et al.]. 250 $a4. ed. 260 $aPadova :$bCEDAM,$c2008. 300 $a166 p. ;$c23 cm. 490 1 $aBreviaria Iuris ;$v5 500 $aTesto su due colonne. 650 4$aDiritto di autore.$0(OLS)http://pul/subject/18112 700 1 $aAlessandri, Alberto.$0(OLS)http://pul/name/71525 770 0 $aMarchetti, Piergaetano.$tCommentario breve alle leggi su proprietà intellettuale e concorrenza.$b4. ed.$dPadova : CEDAM, 2007.$kBreviaria Iuris$w()107416 830 0$aBreviaria Iuris ;$v5.$0(OLS)http://pul/title/8521 850 $aPUL 852 $aPUL$W1$xDP2 Diritto e Scienze Sociali 3$y110$m348. 45 BCOLL 9$j132216$qDDC 21$B131209$CPULBib$Z2$F131209 $H108241 $82 941 1 $a9 996 $6020$z978-88-13-28865-5*$9(OLS)http://pul/number/140492 996 $6245$aCommentario breve alle leggi su proprietà intellettuale e concorrenza :$bappendice di aggiornamento dedicata specialmente alla comunicazione commerciale$9(OLS)http://pul/title/145067 996 $6260$aPadova :$bCEDAM$9(OLS)http://pul/publisher/48126